Kirby Star Allies Boss Taglines - Statistics

General Stats
  • This quiz has been taken 26 times
  • The average score is 13 of 30
Answer Stats
Boss Tagline % Correct
King Dedede His Royal Nemesis
83%
Meta Knight The Lone Swordsman
67%
Grand Mam Big Bad Mama
58%
Flamberge (Rematch) Bringer Of Flame
58%
Francisca (Rematch) Bringer Of Icy Doom
58%
Whispy Woods Guardian Of The Forest
58%
Void Astral Birth
50%
Zan Partizanne (Rematch) Bringer Of Shock
50%
Void Termina Destroyer Of Worlds
50%
Twin Kracko Dual Thunderheads
50%
Parallel Meta Knight Otherworldly Frost Blade
50%
Galacta Knight Temporal Warrior
50%
Kracko Cycloptic Stormcloud
42%
Pon & Con Dual Defenders
42%
Corrupt Hyness Fell Officiant
42%
Zan Partizanne Lightning General
42%
Yggy Woods Old-Growth Elder
42%
Parallel Woods Otherworldly Arbor
42%
Parallel Dedede Otherworldly Dark Liege
42%
Morpho Knight Reborn Butterfly
42%
Goldon & Silvox The Metal Heavies
42%
Void Termina (Rematch) The True Destroyer Of Worlds
42%
Flamberge Blazing General
33%
Morpho Knight EX Dark-Winged Disaster
33%
Francisca Frozen General
33%
Hyness Officiant Of Doom
33%
Parallel Twin Kracko Unearthly Storm Front
33%
Void Soul Essence Of Chaos
25%
The Three Mage-Sisters Repentant Retaliators
25%
Parallel Big Kracko Unearthly Thunderhead
25%
No matching quizzes found
Score Distribution
Percent of People with Each Score
Percentile by Number Answered
Your Score History
You have not taken this quiz